000 00755nam a2200241Ia 4500
003 OSt
005 20220925235356.0
006 a|||||r|||| 00| 0
007 ta
008 220923b |||||||| |||| 00| 0 eng d
020 _a8187586230
037 _cGeneral Book
040 _aRTL
_cRTL
_beng
041 _2eng
_aeng
082 _az2, P5.8-3/RR
100 _aCHATTOPADHYAYA D P Ed.
245 0 _aHistory of science, philosophy and culture in Indian civilization. 16V.
260 _a New Delhi
_bCSC
_c2005
490 _vVol.VIII,Pt.3 - Economic History of India from Eighteen to Twientieth Century. 853p
650 _aSociology
942 _hz2, P5.8-3/RR
_cGB
_2CC
999 _c597264
_d597264